00802nam a2200241Ia 4500008004100000020001400041040001800055041000800073100002200081245007400103250001200177260005700189300003700246500002200283650002200305650003600327650002700363650002900390650002900419650001300448700002400461856007500485130821s1998 xxua gr eng  a471169609 aCo-BoUCMbspa00aeng1 aHempel, George H.10aBank management text and casescGeorge H. Hempel, Donald G. Simonson a5th ed. aNueva York (Estados Unidos)bJohn Wiley & Sonsc1998 axv, 683 páginasbilustraciones aIncluye índice.04aActivos bancarios04aAdministración del portafolio04aBancos internacionales04aBancosxAdministración04aFinanzas internacionales04aFinanzas1 aSimonson, Donald G.42zTabla de Contenidouhttp://www.loc.gov/catdir/toc/onix02/98028268.html